000 00513nam a2200181Ia 4500
008 151202s9999||||xx |||||||||||||| ||und||
082 _bPNVM-28306
100 _aमनोहर अनंत.
245 _aउदास हळवे सूर.
260 _b---
260 _c0
300 _a0
600 _aमनोहर अनंत.
630 _aउदास हळवे सूर.
700 _aमनोहर अनंत.
730 _aउदास हळवे सूर.
942 _cBOOK
999 _c1294274
_d1294271